=LDR 00000nam 2200000 4500 =001 INLIS000000000003761 =005 20130612092049 =008 ***********************************Ind** =035 ##$$0010-061300000003761 =041 ##$$a Ind =082 ##$$a 607.2 =090 ##$$a 607.2, Gro p =100 ##$$a Groenendijk G =245 ##$$a Pengujian materi, Groenendijk G;diterjemahkan, Sobandi Sachri =260 ##$$a 1984 $b Jakarta =300 ##$$a vii, 161 hlm., ilus., 20 cm =650 ##$$a Inovasi teknologi =650 ##$$a Penelitian =700 ##$$a Sakhri, Sobandi =850 ##$$a NBPNMAT